Normal view
MARC view
- Jordon
Entry Geographic Name
001 - CONTROL NUMBER
- control field: 17275
003 - CONTROL NUMBER IDENTIFIER
- control field: OSt
005 - DATE AND TIME OF LATEST TRANSACTION
- control field: 20110215172435.0
008 - FIXED-LENGTH DATA ELEMENTS
- fixed length control field: 110215|||a|||||| | ||| d
040 ## - CATALOGING SOURCE
- Original cataloging agency: OSt
- Transcribing agency: OSt
151 ## - HEADING--GEOGRAPHIC NAME
- Geographic name: Jordon
670 ## - SOURCE DATA FOUND
- Source citation: Work cat.: (OSt): Aruri, Naseer H 17274, Jordan, 1972
670 ## - SOURCE DATA FOUND
- Source citation: Work cat.: (OSt): Aruri, Naseer H 17274, Jordan, 1972
